Doomed to repeat: Iraq news, 2002-2007 (Record no. 81029)

000 -LEADER
fixed length control field 00433pab a2200181 454500
008 - FIXED-LENGTH DATA ELEMENTS--GENERAL INFORMATION
fixed length control field 180718b2009 xxu||||| |||| 00| 0 eng d
100 ## - MAIN ENTRY--PERSONAL NAME
Personal name Entman, Robert M.
245 ## - TITLE STATEMENT
Title Doomed to repeat: Iraq news, 2002-2007
260 ## - PUBLICATION, DISTRIBUTION, ETC.
Date of publication, distribution, etc. 2009
300 ## - PHYSICAL DESCRIPTION
Extent p.689-708.
362 ## - DATES OF PUBLICATION AND/OR SEQUENTIAL DESIGNATION
Dates of publication and/or sequential designation Jan
650 ## - SUBJECT ADDED ENTRY--TOPICAL TERM
Topical term or geographic name entry element War
700 ## - ADDED ENTRY--PERSONAL NAME
Personal name Kim, Jennie
700 ## - ADDED ENTRY--PERSONAL NAME
Personal name Livingston, Steven
773 ## - HOST ITEM ENTRY
Main entry heading American Behavioral Scientist
908 ## - PUT COMMAND PARAMETER (RLIN)
Put command parameter N
909 ## -
-- 81029
Holdings
Withdrawn status Lost status Damaged status Not for loan Permanent Location Current Location Date acquired Serial Enumeration / chronology Barcode Date last seen Price effective from Koha item type
        Indian Institute of Public Administration Indian Institute of Public Administration 2018-07-19 Volume no: 52, Issue no: 5 AR81489 2018-07-19 2018-07-19 Articles

Powered by Koha